Sociedades y asociaciones civiles 2018 Rǧimen jurd̕ico-fiscal en ISR e IVA /

Bibliographic Details
Main Author: Domn̕guez Orozco, Jaime
Other Authors: Resňdiz Nn︢ez, Cuauhtm̌oc
Format: eBook
Language:Spanish
Published: Ciudad de Mx̌ico: Ediciones Fiscales ISEF, 2018
Subjects:
Online Access:Acceso restringido

MARC

LEADER 00000nam a22000007a 4500
005 20180420220035.0
007 cr|||| ||||
008 180420s2018 mx |||||s|||| 00||0 spa d
020 |a 978-607-541-000-5 
035 |a 21443 
040 |a vLex 
090 |c 7790  |d 7790 
100 1 |a Domn̕guez Orozco, Jaime 
245 1 0 |a Sociedades y asociaciones civiles 2018  |h [Recurso electrn̤ico] :  |b Rǧimen jurd̕ico-fiscal en ISR e IVA /  |c Jaime Domn̕guez Orozco, Cuauhtm̌oc Resňdiz Nn︢ez 
256 |a Servicio en ln̕ea 
260 |a Ciudad de Mx̌ico:  |b Ediciones Fiscales ISEF,  |c 2018 
300 |a 1 recurso electrn̤ico 
500 |a Esta obra presenta un anl̀isis de las obligaciones fiscales de las SOCIEDADES Y ASOCIACIONES CIVILES, las reglas que determinan su constitucin̤ y operacin̤. A travš de sus consejos prc̀ticos encontrar ̀la solucin̤ jurd̕ico-fiscal adecuada y la respuesta a las interrogantes que se le pudieran presentar sobre este tema ya que la reforma de las leyes fiscales ha dado lugar a numerosos problemas. 
506 1 |a Disponible solo en los productos indicados  |d vLex Global  |d vLex Global (Academic Edition, excluding Law Schools)  |d vLex Global (U.S. Academic Edition, Law Schools)  |d vLex Global (U.S. Academic Edition, excluding Law Schools)  |d vLex Global (Academic Edition, Law Schools) 
650 0 4 |a Derecho Fiscal  |z Mx̌ico 
700 1 |a Resňdiz Nn︢ez, Cuauhtm̌oc 
740 0 |a vLex Libros (Servicio en ln̕ea) 
856 4 0 |u http://vlex.com/source/sociedades-y-asociaciones-civiles-2018-regimen-juridico-fiscal-en-isr-e-iva-21443  |z Acceso restringido 
942 |c BOOK 
999 0 |a Tax Law